Instrumente erkennen - einfach - Statistiken

Allgemein
  • Dieses Quiz wurde 343 mal gespielt
    297 seit der letzten Aktualisierung
  • Das Durchschnittsergebnis liegt bei 6 aus 16
Antwortstatistiken
Bildquiz Antwort % Korrekt
Klavier
77%
Klarinette
66%
Triangel
61%
Cello
52%
Tuba
46%
Blockflöte
39%
Schlagzeug
38%
Gitarre
35%
Orgel
35%
Harfe
34%
Posaune
26%
Geige/Violine
18%
Querflöte
14%
Trompete
12%
Xylophon
11%
Cembalo
7%
Keine übereinstimmenden Quizze gefunden
Verteilung der Resultate
Anzahl Personen mit jedem Resultat
Perzentil nach korrekt beantworteten Fragen
Ihre Resultats-Entwicklung
Sie haben dieses Quiz seit der letzten Aktualisierung nicht gespielt